[Event "2. ODEM U25 2005"]
[Site "Willingen GER"]
[Date "2005.05.18"]
[Round "6"]
[White "Sonnhalter, Stella"]
[Black "Reinke, Martin"]
[Result "0-1"]
[Termination "normal"]
[Board "39"]
[WhiteElo "1262"]
[BlackElo "1574"]
[PlyCount "60"]
[WhiteFideId "4624815"]
[BlackFideId "4620518"]
[EventCountry "GER"]
[EventRounds "9"]
[EventType "swiss"]
[EventDate "2005.05.15"]

1. e4 c5 2. Nf3 d6 3. d4 cxd4 4. Nxd4 Nc6 5. Nc3 Nf6 6. Bc4 g6 7. O-O Bg7 8.
Be3 O-O 9. Qd2 Qc7 10. Nd5 Nxd5 11. Bxd5 e6 12. Bb3 a6 13. a4 Bd7 14. a5 Ne5
15. Ne2 Bc6 16. Bb6 Qe7 17. Nc3 Nd7 18. Bd4 Nc5 19. Bxg7 Kxg7 20. Qd4+ Qf6 21.
Qxd6 Nxe4 22. Nxe4 Bxe4 23. f3 Bc6 24. c3 Rad8 25. Qg3 Rd2 26. Rf2 Rfd8 27. Ba4
Bxa4 28. Rxa4 Qf5 29. Rb4 Qc5 30. Rxb7 Rd1# 0-1

[Event "2. ODEM U25 2005"]
[Site "Willingen GER"]
[Date "2005.05.18"]
[Round "6"]
[White "Winter, Christopher"]
[Black "Neumair, Cedric"]
[Result "1-0"]
[Termination "normal"]
[Board "40"]
[WhiteElo "1553"]
[BlackElo "1240"]
[PlyCount "41"]
[BlackFideId "4698304"]
[EventCountry "GER"]
[EventRounds "9"]
[EventType "swiss"]
[EventDate "2005.05.15"]

1. d4 d5 2. c4 e6 3. Nf3 Nf6 4. Bg5 Nbd7 5. e3 c6 6. Nc3 Qa5 7. a3 Be7 8. b4
Qd8 9. Bd3 O-O 10. O-O a5 11. c5 b6 12. Ne5 h6 13. Nxc6 Qe8 14. Bh4 Bb7 15. Bb5
Rc8 16. Ne5 Qd8 17. c6 Ba8 18. Nxd5 Bxc6 19. Nxe7+ Qxe7 20. Nxc6 Qd6 21. Rc1
1-0

[Event "2. ODEM U25 2005"]
[Site "Willingen GER"]
[Date "2005.05.18"]
[Round "6"]
[White "Kyas, Marcel"]
[Black "Chernova, Margarita"]
[Result "1-0"]
[Termination "normal"]
[Board "41"]
[WhiteElo "1518"]
[BlackElo "1187"]
[PlyCount "39"]
[WhiteFideId "24642037"]
[EventCountry "GER"]
[EventRounds "9"]
[EventType "swiss"]
[EventDate "2005.05.15"]

1. d4 d5 2. c4 e6 3. Nc3 Nf6 4. Bf4 Nc6 5. e3 Bd7 6. Nf3 Bb4 7. Bd3 dxc4 8.
Bxc4 Ne4 9. Qc2 Nf6 10. O-O Na5 11. Bd3 Bc6 12. Ne5 Bd6 13. a3 Bd5 14. b4 Nb3
15. Rad1 h6 16. Nxd5 exd5 17. Qxb3 O-O 18. Bc2 Re8 19. e4 dxe4 20. Nxf7 1-0

[Event "2. ODEM U25 2005"]
[Site "Willingen GER"]
[Date "2005.05.18"]
[Round "6"]
[White "Volz, Daniel"]
[Black "Lebeda, Lukas"]
[Result "1-0"]
[Termination "normal"]
[Board "42"]
[WhiteElo "1391"]
[BlackElo "1222"]
[PlyCount "99"]
[WhiteFideId "4661125"]
[EventCountry "GER"]
[EventRounds "9"]
[EventType "swiss"]
[EventDate "2005.05.15"]

1. e4 c5 2. Nf3 d6 3. d4 cxd4 4. Nxd4 g6 5. Nc3 Bg7 6. Be3 Nf6 7. f3 Bd7 8. Qd2
Nc6 9. O-O-O a6 10. Kb1 Nxd4 11. Bxd4 O-O 12. h4 h5 13. Be2 Qc8 14. Nd5 Nxd5
15. Bxg7 Kxg7 16. Qxd5 e6 17. Qxd6 Rd8 18. Qe7 Bc6 19. Rxd8 Qxd8 20. Qxd8 Rxd8
21. Rd1 Rxd1+ 22. Bxd1 Kf6 23. Kc1 Ke5 24. g3 Kd4 25. Kd2 b5 26. c3+ Ke5 27.
Ke3 f6 28. f4+ Kd6 29. b4 Bb7 30. a4 Bc6 31. axb5 axb5 32. Bf3 Bd7 33. Kd3 Be8
34. c4 Bd7 35. Be2 bxc4+ 36. Kxc4 Kc6 37. Kd4 Kd6 38. Kc4 Kc6 39. Bd3 Kb6 40.
Kd4 Kc6 41. Be2 Kd6 42. b5 Kc7 43. Kc5 Bc8 44. b6+ Kd7 45. Bb5+ Kd8 46. Kd6 f5
47. e5 Bd7 48. b7 Bc8 49. bxc8=Q+ Kxc8 50. Kxe6 1-0

[Event "2. ODEM U25 2005"]
[Site "Willingen GER"]
[Date "2005.05.18"]
[Round "6"]
[White "Hauffen, Kai"]
[Black "Huynh, Nhi Lang"]
[Result "0-1"]
[Termination "normal"]
[Board "43"]
[WhiteElo "1120"]
[BlackElo "1241"]
[PlyCount "120"]
[BlackFideId "24669180"]
[EventCountry "GER"]
[EventRounds "9"]
[EventType "swiss"]
[EventDate "2005.05.15"]

1. e4 e5 2. Nf3 Nc6 3. Bc4 Bc5 4. c3 Nf6 5. d4 exd4 6. cxd4 Bb4+ 7. Bd2 Nxe4 8.
Bxb4 Nxb4 9. Qe2 d5 10. Bd3 Nxd3+ 11. Qxd3 O-O 12. O-O Bf5 13. Qb3 b6 14. Nc3
Nxc3 15. Qxc3 Re8 16. Rfe1 Qd6 17. Re5 Be4 18. Re1 Rxe5 19. Nxe5 Re8 20. Re3 c5
21. f4 f6 22. Nd3 c4 23. Nb4 Qxf4 24. Nxd5 Qg5 25. Nxf6+ Qxf6 26. Qxc4+ Kh8 27.
Qd3 Qg6 28. Qf1 Qf6 29. Qd3 Qc6 30. Qf1 Kg8 31. Qf4 Qc1+ 32. Kf2 Qd2+ 33. Kg3
Qxg2+ 34. Kh4 g5+ 35. Qxg5+ Qxg5+ 36. Kxg5 Bg6 37. Ra3 Ra8 38. Ra4 Kf7 39. d5
a5 40. Kf4 Rd8 41. Rd4 Kf6 42. b4 Bf7 43. Ke4 axb4 44. Rxb4 Bxd5+ 45. Kf4 Rb8
46. a4 b5 47. Rxb5 Rxb5 48. axb5 h5 49. b6 Kg6 50. h4 Bh1 51. Ke5 Bg2 52. Kf4
Bb7 53. Kg3 Kf6 54. Kf4 Bd5 55. Kg3 Kf5 56. Kh3 Kf4 57. Kh2 Kg4 58. Kg1 Kxh4
59. Kh2 Kg4 60. Kg1 Kg3 0-1

[Event "2. ODEM U25 2005"]
[Site "Willingen GER"]
[Date "2005.05.18"]
[Round "6"]
[White "Nöttling, Dominik"]
[Black "Sadjjadi, Bijan Viktor"]
[Result "1/2-1/2"]
[Termination "normal"]
[Board "45"]
[WhiteElo "1179"]
[BlackElo "750"]
[PlyCount "59"]
[WhiteFideId "24672807"]
[EventCountry "GER"]
[EventRounds "9"]
[EventType "swiss"]
[EventDate "2005.05.15"]

1. e4 e5 2. Nf3 Nc6 3. Bc4 Nf6 4. O-O Bc5 5. d3 O-O 6. Bg5 d6 7. Nc3 Be6 8. Nd5
Bxd5 9. Bxd5 Bd4 10. Nxd4 Nxd4 11. f4 c6 12. Bc4 h6 13. fxe5 hxg5 14. exf6 g6
15. c3 Ne6 16. Qg4 d5 17. exd5 cxd5 18. Bb3 Qb6+ 19. d4 Rae8 20. Bxd5 a6 21.
Qh3 Nf4 22. Qh6 Qxf6 23. g3 Ne2+ 24. Kg2 Qd8 25. Bxf7+ Rxf7 26. Rxf7 Kxf7 27.
Rf1+ Ke7 28. Qxg5+ Kd7 29. Qg4+ Kc7 30. Qxg6 1/2-1/2

[Event "2. ODEM U25 2005"]
[Site "Willingen GER"]
[Date "2005.05.18"]
[Round "6"]
[White "Rosenkranz, Christian"]
[Black "Fabritius, Norbert"]
[Result "0-1"]
[Termination "normal"]
[Board "46"]
[WhiteElo "1232"]
[BlackElo "1321"]
[PlyCount "44"]
[WhiteFideId "24674494"]
[BlackFideId "24662178"]
[EventCountry "GER"]
[EventRounds "9"]
[EventType "swiss"]
[EventDate "2005.05.15"]

1. e4 d5 2. exd5 Qxd5 3. Nc3 Qa5 4. Nf3 Nf6 5. d4 c6 6. Bd2 Qc7 7. Bc4 Bg4 8.
h3 Bh5 9. Qe2 Bxf3 10. Qxf3 e6 11. O-O-O Nbd7 12. Rhe1 O-O-O 13. Bf4 Bd6 14.
Bxd6 Qxd6 15. Ne4 Nxe4 16. Rxe4 Nf6 17. Re3 Qb4 18. Rc3 Rd7 19. Rdd3 Rhd8 20.
Ba6 Kb8 21. Rxc6 Qe1+ 22. Rd1 Qe4 0-1

[Event "2. ODEM U25 2005"]
[Site "Willingen GER"]
[Date "2005.05.18"]
[Round "6"]
[White "Zimmerer, David"]
[Black "Nitsche-Hahn, Raphael"]
[Result "1/2-1/2"]
[Termination "normal"]
[Board "47"]
[WhiteElo "1193"]
[BlackElo "1086"]
[PlyCount "29"]
[WhiteFideId "4620224"]
[BlackFideId "4613120"]
[EventCountry "GER"]
[EventRounds "9"]
[EventType "swiss"]
[EventDate "2005.05.15"]

1. d4 f5 2. Bf4 Nf6 3. e3 g6 4. Nd2 Bg7 5. Ngf3 d6 6. h3 Nc6 7. Be2 Bd7 8. c3
e6 9. a4 Qe7 10. Qc2 e5 11. dxe5 dxe5 12. Bh2 e4 13. Nd4 Nxd4 14. cxd4 c6 15.
Nc4 1/2-1/2

[Event "2. ODEM U25 2005"]
[Site "Willingen GER"]
[Date "2005.05.18"]
[Round "6"]
[White "Usov, Andreas"]
[Black "Gheng, Christian"]
[Result "1-0"]
[Termination "normal"]
[Board "48"]
[WhiteElo "1101"]
[BlackElo "743"]
[PlyCount "37"]
[WhiteFideId "24601713"]
[BlackFideId "24660345"]
[EventCountry "GER"]
[EventRounds "9"]
[EventType "swiss"]
[EventDate "2005.05.15"]

1. e4 e5 2. Nf3 Nc6 3. Nc3 Nf6 4. Bb5 a6 5. Bxc6 dxc6 6. d3 Bc5 7. Nxe5 O-O 8.
Nf3 Bg4 9. h3 Be6 10. Bg5 b5 11. e5 Bxh3 12. Rxh3 Qe7 13. Qe2 g6 14. Bxf6 Qe6
15. d4 Be7 16. Bxe7 Qxe7 17. Qe3 b4 18. Qh6 bxc3 19. Qxh7# 1-0

[Event "2. ODEM U25 2005"]
[Site "Willingen GER"]
[Date "2005.05.19"]
[Round "7"]
[White "Bietz, Fabian"]
[Black "Zentgraf, Robert"]
[Result "1/2-1/2"]
[Termination "normal"]
[Board "1"]
[WhiteElo "2028"]
[BlackElo "2082"]
[PlyCount "28"]
[WhiteFideId "24625930"]
[BlackFideId "4676483"]
[EventCountry "GER"]
[EventRounds "9"]
[EventType "swiss"]
[EventDate "2005.05.15"]

1. f4 d5 2. Nf3 c5 3. e3 Bg4 4. Be2 g6 5. O-O Bg7 6. c4 Nf6 7. cxd5 O-O 8. Qb3
Nxd5 9. Qxb7 Nb6 10. Nc3 Bc8 11. Qe4 Bf5 12. Qb7 Bc8 13. Qe4 Bf5 14. Qb7 Bc8
1/2-1/2

[Event "2. ODEM U25 2005"]
[Site "Willingen GER"]
[Date "2005.05.19"]
[Round "7"]
[White "Braun, Vitali"]
[Black "Banik, Thorsten"]
[Result "1/2-1/2"]
[Termination "normal"]
[Board "2"]
[WhiteElo "2232"]
[BlackElo "2107"]
[PlyCount "81"]
[WhiteFideId "4684915"]
[BlackFideId "4659376"]
[EventCountry "GER"]
[EventRounds "9"]
[EventType "swiss"]
[EventDate "2005.05.15"]

1. e4 d5 2. exd5 Qxd5 3. Nc3 Qa5 4. d4 c6 5. Bc4 Bf5 6. Qe2 Nf6 7. Bd2 e6 8. d5
cxd5 9. Nxd5 Qd8 10. Nxf6+ gxf6 11. O-O-O Qc7 12. g4 Bxc2 13. Kxc2 b5 14. Ba5
Qxc4+ 15. Qxc4 bxc4 16. Rd8+ Ke7 17. Ne2 Bg7 18. Rhd1 f5 19. Bb4+ Kf6 20. Rxh8
Bxh8 21. Rd8 Bg7 22. Bd6 fxg4 23. Rxb8 Rxb8 24. Bxb8 a6 25. Nc3 Kf5 26. Kd2 h5
27. Ke2 Bd4 28. Bg3 Bxc3 29. bxc3 Ke4 30. Bc7 f5 31. a4 f4 32. Bd8 e5 33. Bh4
Kf5 34. f3 e4 35. fxe4+ Kxe4 36. Bf2 Kf5 37. Bb6 Ke4 38. Bd8 Kf5 39. Kf2 Ke4
40. Ke2 Kf5 41. Kf2 1/2-1/2

[Event "2. ODEM U25 2005"]
[Site "Willingen GER"]
[Date "2005.05.19"]
[Round "7"]
[White "Hort, Alexej"]
[Black "Vandenbergen, Nicolas"]
[Result "0-1"]
[Termination "normal"]
[Board "3"]
[WhiteElo "2105"]
[BlackElo "2057"]
[PlyCount "58"]
[WhiteFideId "4678125"]
[EventCountry "GER"]
[EventRounds "9"]
[EventType "swiss"]
[EventDate "2005.05.15"]

1. d4 d5 2. Nf3 Nc6 3. g3 Bg4 4. Bg2 Qd7 5. O-O O-O-O 6. c3 f6 7. b4 h5 8. Nbd2
Nh6 9. Nb3 e6 10. Nh4 Bd6 11. Ng6 Rh7 12. Bf4 Ne7 13. Nxe7+ Bxe7 14. Qd3 Rdh8
15. e4 Nf7 16. exd5 e5 17. dxe5 fxe5 18. d6 exf4 19. Bxb7+ Kb8 20. Nc5 Qxd6 21.
Bd5 Ne5 22. Qb5+ Qb6 23. Qa4 Bf3 24. Rfe1 Bxd5 25. Rxe5 Bxc5 26. Rxd5 Bxf2+ 27.
Kf1 c6 28. Rd6 Rh6 29. Rad1 fxg3 0-1

[Event "2. ODEM U25 2005"]
[Site "Willingen GER"]
[Date "2005.05.19"]
[Round "7"]
[White "Nuber, Korbinian"]
[Black "Schinkowski, Christoph"]
[Result "1/2-1/2"]
[Termination "normal"]
[Board "4"]
[WhiteElo "2073"]
[BlackElo "2193"]
[PlyCount "35"]
[WhiteFideId "24607231"]
[BlackFideId "4686632"]
[EventCountry "GER"]
[EventRounds "9"]
[EventType "swiss"]
[EventDate "2005.05.15"]

1. e4 c5 2. Nc3 Nc6 3. Bb5 Nd4 4. Bc4 e6 5. Nf3 Nf6 6. d3 Nxf3+ 7. Qxf3 d6 8.
Bf4 Bd7 9. e5 dxe5 10. Bxe5 Bc6 11. Bb5 Rc8 12. Bxc6+ Rxc6 13. O-O Be7 14. Ne4
O-O 15. Nxf6+ Bxf6 16. Bxf6 Qxf6 17. Qxf6 gxf6 18. b3 1/2-1/2

[Event "2. ODEM U25 2005"]
[Site "Willingen GER"]
[Date "2005.05.19"]
[Round "7"]
[White "Gölz, Daniel"]
[Black "Lantzsch, Christian"]
[Result "0-1"]
[Termination "normal"]
[Board "5"]
[WhiteElo "1809"]
[BlackElo "2141"]
[PlyCount "64"]
[WhiteFideId "24626325"]
[BlackFideId "4659821"]
[EventCountry "GER"]
[EventRounds "9"]
[EventType "swiss"]
[EventDate "2005.05.15"]

1. e4 e6 2. Qe2 c5 3. f4 Nc6 4. Nf3 Be7 5. d3 d5 6. e5 Nh6 7. g3 Nf5 8. c3 b5
9. Bg2 h5 10. O-O Qb6 11. Nbd2 a5 12. Re1 Ba6 13. Nf1 d4 14. h3 Rd8 15. g4 hxg4
16. hxg4 Nh6 17. N1h2 a4 18. f5 c4 19. Bxh6 gxh6 20. Nxd4 Rxd4 21. cxd4 Nxd4
22. Qf2 Bh4 23. Bc6+ Qxc6 24. Qxh4 Bb7 25. Re4 cxd3 26. fxe6 Qxe4 27. exf7+ Kd7
28. Qh3 Qh1+ 29. Kf2 Qxa1 30. e6+ Ke7 31. Qh4+ Kxe6 32. Ke3 Qe1+ 0-1

[Event "2. ODEM U25 2005"]
[Site "Willingen GER"]
[Date "2005.05.19"]
[Round "7"]
[White "Patzer, Stefan"]
[Black "Dahmen, Christoph"]
[Result "1/2-1/2"]
[Termination "normal"]
[Board "6"]
[WhiteElo "1997"]
[BlackElo "2050"]
[PlyCount "56"]
[WhiteFideId "24601209"]
[BlackFideId "4692160"]
[EventCountry "GER"]
[EventRounds "9"]
[EventType "swiss"]
[EventDate "2005.05.15"]

1. e3 Nf6 2. f4 d5 3. Nf3 c5 4. b3 Nc6 5. Bb5 g6 6. Bb2 Bg7 7. d3 Qa5+ 8. Nc3
O-O 9. Bxc6 bxc6 10. O-O Ng4 11. Qe1 Nxe3 12. Qxe3 Bxc3 13. Bxc3 Qxc3 14. Ne5
Qxc2 15. Nxc6 Re8 16. Nxe7+ Kf8 17. Rfe1 Be6 18. Rac1 Qxa2 19. Nxd5 Bxd5 20.
Qxc5+ Kg8 21. Qxd5 Qd2 22. Rxe8+ Rxe8 23. Rf1 Qe3+ 24. Rf2 Qc1+ 25. Rf1 Qe3+
26. Rf2 Rc8 27. g3 Rc3 28. Qe4 Rxd3 1/2-1/2

[Event "2. ODEM U25 2005"]
[Site "Willingen GER"]
[Date "2005.05.19"]
[Round "7"]
[White "Kesten, Sebastian"]
[Black "Röber, Jürgen"]
[Result "1/2-1/2"]
[Termination "normal"]
[Board "7"]
[WhiteElo "1978"]
[BlackElo "2040"]
[PlyCount "97"]
[WhiteFideId "24616214"]
[BlackFideId "4697090"]
[EventCountry "GER"]
[EventRounds "9"]
[EventType "swiss"]
[EventDate "2005.05.15"]

1. d4 Nf6 2. c4 e5 3. dxe5 Ng4 4. Nf3 Bc5 5. e3 Nc6 6. Bd2 Ngxe5 7. Nxe5 Nxe5
8. Bc3 Qe7 9. Be2 a5 10. O-O O-O 11. Nd2 f5 12. Nb3 Bb4 13. Qd5+ Nf7 14. Bxb4
axb4 15. Qxf5 d6 16. Qc2 Ne5 17. c5 dxc5 18. Qxc5 Qxc5 19. Nxc5 b6 20. Nd3 Nxd3
21. Bxd3 Be6 22. a3 bxa3 23. bxa3 Rfd8 24. Bb5 Rd2 25. a4 Rf8 26. Rad1 Rfxf2
27. Rxd2 Rxd2 28. Rf2 Rd1+ 29. Rf1 Rxf1+ 30. Kxf1 Kf7 31. Ke2 Ke7 32. Kd3 Kd6
33. Kd4 Bb3 34. Kc3 Bd1 35. Kb4 c6 36. Bd3 h6 37. a5 bxa5+ 38. Kxa5 Kc5 39. Be4
Bb3 40. Bf3 g5 41. Ka6 Bd5 42. h3 Kb4 43. Bxd5 cxd5 44. Kb6 Kc4 45. Kc6 Kd3 46.
Kxd5 Kxe3 47. Ke5 Kf2 48. Kf5 Kxg2 49. Kg4 1/2-1/2

[Event "2. ODEM U25 2005"]
[Site "Willingen GER"]
[Date "2005.05.19"]
[Round "7"]
[White "Beckmann, Emanuel"]
[Black "Krensing, Jan"]
[Result "1/2-1/2"]
[Termination "normal"]
[Board "8"]
[WhiteElo "1964"]
[BlackElo "2233"]
[PlyCount "50"]
[WhiteFideId "24608025"]
[BlackFideId "4671694"]
[EventCountry "GER"]
[EventRounds "9"]
[EventType "swiss"]
[EventDate "2005.05.15"]

1. e4 c5 2. Nf3 Nc6 3. Bb5 d6 4. O-O Bd7 5. c4 g6 6. Nc3 Bg7 7. d3 Nf6 8. Nd5
O-O 9. Qe2 Bg4 10. Bxc6 bxc6 11. Ne3 Bxf3 12. Qxf3 Nd7 13. Ng4 Ne5 14. Nxe5
Bxe5 15. Qe2 Rb8 16. f4 Bg7 17. f5 Qa5 18. g4 Rb7 19. g5 Bd4+ 20. Kh1 e6 21.
fxe6 fxe6 22. Rxf8+ Kxf8 23. Bd2 Qd8 24. Rf1+ Rf7 25. Rxf7+ Kxf7 1/2-1/2

[Event "2. ODEM U25 2005"]
[Site "Willingen GER"]
[Date "2005.05.19"]
[Round "7"]
[White "Kühner, Christian"]
[Black "Siebarth, Marco"]
[Result "1/2-1/2"]
[Termination "normal"]
[Board "9"]
[WhiteElo "2150"]
[BlackElo "2011"]
[PlyCount "86"]
[WhiteFideId "4679440"]
[BlackFideId "24604330"]
[EventCountry "GER"]
[EventRounds "9"]
[EventType "swiss"]
[EventDate "2005.05.15"]

1. c4 e5 2. Nc3 Nf6 3. g3 Bb4 4. Bg2 O-O 5. e4 Bxc3 6. bxc3 c5 7. Ne2 d6 8. O-O
Nc6 9. d3 Ne8 10. f4 Qc7 11. f5 f6 12. g4 g5 13. h4 h6 14. Kf2 Kf7 15. hxg5
fxg5 16. Rh1 Kg7 17. Bf3 Nf6 18. Rxh6 Kxh6 19. Qh1+ Kg7 20. Bxg5 Nh7 21. Bh6+
Kg8 22. g5 Bxf5 23. Bxf8 Rxf8 24. exf5 Rxf5 25. Ng3 Rxg5 26. Ne4 Rg6 27. Rg1
Ne7 28. Qh6 Rxg1 29. Kxg1 Nf5 30. Qg6+ Qg7 31. Qxg7+ Kxg7 32. Bg4 Ne3 33. Bc8
d5 34. cxd5 Nxd5 35. Bxb7 Nhf6 36. Nxf6 Nxf6 37. Kf2 Kf7 38. Ke3 Ke6 39. Kd2
Kd6 40. Kc2 Nd7 41. Kb3 Nb6 42. Ba6 Kc6 43. a4 Nd5 1/2-1/2

[Event "2. ODEM U25 2005"]
[Site "Willingen GER"]
[Date "2005.05.19"]
[Round "7"]
[White "Neidlinger, Markus"]
[Black "Rafiee, Makan"]
[Result "1/2-1/2"]
[Termination "normal"]
[Board "10"]
[WhiteElo "2110"]
[BlackElo "1992"]
[PlyCount "82"]
[WhiteFideId "4697839"]
[BlackFideId "24609340"]
[EventCountry "GER"]
[EventRounds "9"]
[EventType "swiss"]
[EventDate "2005.05.15"]

1. e4 c5 2. Nf3 d6 3. d4 cxd4 4. Nxd4 Nf6 5. Nc3 a6 6. Be2 e5 7. Nb3 Be7 8. O-O
Be6 9. f4 Qc7 10. Qd3 b5 11. Nd2 Bg4 12. Nf3 Nbd7 13. h3 Bxf3 14. Bxf3 O-O 15.
f5 Rac8 16. a3 Nb6 17. g4 d5 18. exd5 Rfd8 19. Kh1 Qc4 20. Rd1 Qxd3 21. Rxd3 e4
22. Nxe4 Rxc2 23. d6 Bf8 24. Nxf6+ gxf6 25. Bf4 Nc4 26. b3 Ne5 27. Bxe5 fxe5
28. Rad1 Rd7 29. b4 Rc8 30. g5 Rcd8 31. f6 Rxd6 32. Bd5 e4 33. Bxe4 Rxd3 34.
Bxd3 Kh8 35. Kg2 h6 36. h4 Rd5 37. Kf3 Bd6 38. Ke4 Re5+ 39. Kf3 hxg5 40. Be4
g4+ 41. Ke3 Re6 1/2-1/2

[Event "2. ODEM U25 2005"]
[Site "Willingen GER"]
[Date "2005.05.19"]
[Round "7"]
[White "Bigalke, Tobias"]
[Black "Leisner, Hannes"]
[Result "1-0"]
[Termination "normal"]
[Board "11"]
[WhiteElo "2009"]
[BlackElo "2022"]
[PlyCount "79"]
[WhiteFideId "4698282"]
[BlackFideId "4692705"]
[EventCountry "GER"]
[EventRounds "9"]
[EventType "swiss"]
[EventDate "2005.05.15"]

1. e4 c5 2. Nf3 e6 3. d4 cxd4 4. Nxd4 a6 5. c4 Nf6 6. Nc3 d6 7. Be2 b6 8. Be3
Bb7 9. f3 Nbd7 10. O-O Be7 11. Qd2 Rc8 12. Rac1 O-O 13. g4 Ne5 14. b3 Qc7 15.
g5 Nfd7 16. f4 Nc6 17. Nc2 Rfd8 18. Bf3 Bf8 19. Qg2 Ne7 20. Nd4 e5 21. Nde2
exf4 22. Nxf4 Ne5 23. Nfd5 Bxd5 24. Nxd5 Nxd5 25. exd5 g6 26. Be2 Qb7 27. Bd4
Bg7 28. Qf2 b5 29. Rc3 bxc4 30. bxc4 Qe7 31. Qf4 Re8 32. Rh3 Nd7 33. Bxg7 Kxg7
34. Qh4 Rh8 35. Bg4 Rxc4 36. Qh6+ Kg8 37. Bxd7 Qxd7 38. Rhf3 Qg4+ 39. Kh1 Rc2
40. Qg7+ 1-0

[Event "2. ODEM U25 2005"]
[Site "Willingen GER"]
[Date "2005.05.19"]
[Round "7"]
[White "Stuhl, Alexander"]
[Black "Blaschke, Tobias"]
[Result "1-0"]
[Termination "normal"]
[Board "12"]
[WhiteElo "2071"]
[BlackElo "2000"]
[PlyCount "75"]
[WhiteFideId "24601373"]
[BlackFideId "24614297"]
[EventCountry "GER"]
[EventRounds "9"]
[EventType "swiss"]
[EventDate "2005.05.15"]

1. e4 d5 2. exd5 Qxd5 3. Nc3 Qd6 4. d4 Nf6 5. Bc4 a6 6. Nge2 Qc6 7. Qd3 Qxg2 8.
Rg1 Qxh2 9. Bf4 Qh3 10. f3 Nc6 11. Bxc7 Nb4 12. Qd2 Qxf3 13. O-O-O Qc6 14. Ba5
Qxc4 15. b3 Nxa2+ 16. Kb2 Qc6 17. Kxa2 Bf5 18. Rg5 g6 19. Rxf5 gxf5 20. Qf4 Nd5
21. Qe5 Nxc3+ 22. Nxc3 Rg8 23. Qxf5 b6 24. Rf1 Rg7 25. Bb4 a5 26. Ba3 Rc8 27.
Rf3 b5 28. d5 Qd7 29. Qe5 b4 30. Ne4 Qc7 31. d6 Qxc2+ 32. Bb2 Qc6 33. Nf6+ Kd8
34. Qxa5+ Rc7 35. dxc7+ Kc8 36. Rd3 Rg5 37. Rd8+ Kb7 38. Qa8+ 1-0

[Event "2. ODEM U25 2005"]
[Site "Willingen GER"]
[Date "2005.05.19"]
[Round "7"]
[White "Zabarska, Natalia"]
[Black "Herzog, Matthias"]
[Result "0-1"]
[Termination "normal"]
[Board "13"]
[WhiteElo "1891"]
[BlackElo "2035"]
[PlyCount "52"]
[WhiteFideId "24608009"]
[BlackFideId "4698541"]
[EventCountry "GER"]
[EventRounds "9"]
[EventType "swiss"]
[EventDate "2005.05.15"]

1. f4 c5 2. Nf3 g6 3. e3 Bg7 4. d4 Nf6 5. c3 b6 6. Bd3 Bb7 7. O-O e6 8. Nbd2
O-O 9. e4 cxd4 10. cxd4 d6 11. f5 exf5 12. exf5 Nc6 13. Qe1 Qd7 14. fxg6 fxg6
15. Qh4 Qg4 16. Bc4+ Kh8 17. Qf2 Nh5 18. Nb3 Ne5 19. dxe5 Rxf3 20. Qe2 Rxf1+
21. Qxf1 Rf8 22. Qe2 Bf3 23. Qc2 Bxe5 24. Bh6 Rc8 25. Qf2 Rxc4 26. Nd2 Bd4 0-1

[Event "2. ODEM U25 2005"]
[Site "Willingen GER"]
[Date "2005.05.19"]
[Round "7"]
[White "Roitzsch, Philipp"]
[Black "Schneider, Christian"]
[Result "1/2-1/2"]
[Termination "normal"]
[Board "15"]
[WhiteElo "1830"]
[BlackElo "1992"]
[PlyCount "84"]
[WhiteFideId "24635529"]
[BlackFideId "24613886"]
[EventCountry "GER"]
[EventRounds "9"]
[EventType "swiss"]
[EventDate "2005.05.15"]

1. e4 c6 2. d4 d5 3. f3 e6 4. Be3 Nf6 5. Nd2 Be7 6. Bd3 b6 7. e5 Nfd7 8. c3 c5
9. Ne2 Ba6 10. Bc2 Nc6 11. a3 Rc8 12. f4 cxd4 13. Nxd4 Nxd4 14. Bxd4 O-O 15.
Qg4 g6 16. h4 h5 17. Qg3 Kh8 18. Nf3 Nc5 19. Ng5 Bc4 20. Bxc5 bxc5 21. Nxe6 Qb6
22. Nxf8 Bxf8 23. b3 Bxb3 24. Bxb3 Qxb3 25. O-O d4 26. Qh3 Rd8 27. cxd4 Qxh3
28. gxh3 Rxd4 29. Rad1 Ra4 30. Rf3 c4 31. Kg2 Rxa3 32. Rxa3 Bxa3 33. Ra1 Bb2
34. Rxa7 c3 35. Rc7 Kg8 36. Kf3 Kf8 37. Ke4 Ke8 38. Kd5 Kd8 39. Rc4 Kd7 40. Rc5
Ke7 41. Kc6 Ke6 42. Rc4 Bc1 1/2-1/2

[Event "2. ODEM U25 2005"]
[Site "Willingen GER"]
[Date "2005.05.19"]
[Round "7"]
[White "Jähn, Michael"]
[Black "Belger, Christian"]
[Result "1-0"]
[Termination "normal"]
[Board "16"]
[WhiteElo "1977"]
[BlackElo "1822"]
[PlyCount "67"]
[WhiteFideId "24623466"]
[BlackFideId "24622940"]
[EventCountry "GER"]
[EventRounds "9"]
[EventType "swiss"]
[EventDate "2005.05.15"]

1. d4 Nf6 2. Nf3 g6 3. c4 Bg7 4. Nc3 O-O 5. e4 d6 6. h3 e5 7. d5 a5 8. Bg5 Na6
9. g4 Qe8 10. Bd3 Nd7 11. Qd2 Ndc5 12. Bc2 f5 13. gxf5 gxf5 14. Bh6 Rf6 15. Rg1
Rg6 16. O-O-O f4 17. Bxg7 Kxg7 18. Nh4 Rxg1 19. Rxg1+ Kh8 20. f3 Bd7 21. Nf5
Bxf5 22. exf5 Nb4 23. Bb1 Qf7 24. Rg5 Rg8 25. Qg2 Rg7 26. Kd2 Qg8 27. h4 h6 28.
Rg6 Rxg6 29. fxg6 Kg7 30. Qg4 Qf8 31. Ne4 Nxe4+ 32. Bxe4 Na6 33. Qd7+ Kg8 34.
Qh7# 1-0

[Event "2. ODEM U25 2005"]
[Site "Willingen GER"]
[Date "2005.05.19"]
[Round "7"]
[White "Sieker, Roland"]
[Black "Schwenke, Vincent"]
[Result "1-0"]
[Termination "normal"]
[Board "18"]
[WhiteElo "1895"]
[BlackElo "1711"]
[PlyCount "55"]
[WhiteFideId "24600261"]
[BlackFideId "24620467"]
[EventCountry "GER"]
[EventRounds "9"]
[EventType "swiss"]
[EventDate "2005.05.15"]

1. e4 c6 2. d4 d5 3. e5 Bf5 4. g4 Bg6 5. h4 h5 6. e6 Qd6 7. exf7+ Bxf7 8. Nh3
hxg4 9. Qxg4 Qe6+ 10. Qxe6 Bxe6 11. Ng5 Bf5 12. c4 e6 13. Bf4 Nf6 14. Nc3 g6
15. O-O-O Bh6 16. Re1 Ne4 17. Ncxe4 Bxe4 18. Rh2 Rf8 19. Bg3 Nd7 20. Kd1 Bxg5
21. hxg5 O-O-O 22. cxd5 exd5 23. Bh3 Rf3 24. Be5 Rdf8 25. Be6 Bf5 26. Bd6 Bxe6
27. Rxe6 Rxf2 28. Rxf2 1-0